[Event "Asuncion CIT op"]
[Site "Asuncion"]
[Date "2023.08.17"]
[Round "8"]
[White "Cezar, Ricardo de Almeida"]
[Black "Gomez, Osmar"]
[Result "1-0"]
[WhiteElo "1811"]
[BlackElo "1600"]
[PlyCount "87"]
[EventDate "2023.08.12"]
[EventType "swiss"]
[EventRounds "9"]
[EventCountry "PAR"]
[SourceTitle "CBM 215 Extra"]
[Source "ChessBase"]
[SourceDate "2023.09.30"]
[SourceVersion "1"]
[SourceVersionDate "2023.09.30"]
[SourceQuality "1"]

1. d4 d5 2. Bf4 c5 3. e3 Bf5 4. c3 cxd4 5. exd4 e6 6. Bxb8 Rxb8 7. Nf3 f6 8. Nbd2 a6 9. Be2 Bd6 10. c4 Ne7 11. c5 Bf4 12. b4 g5 13. Nf1 h5 14. Bd3 h4 15. h3 Qc8 16. Qc2 Qc6 17. Ne3 Bxd3 18. Qxd3 Qb5 19. Qxb5+ axb5 20. a3 Bxe3 21. fxe3 Nf5 22. Kd2 Ng3 23. Rhe1 Kd7 24. Kc2 Ra8 25. Nd2 Ra6 26. Kc1 Rha8 27. Kb2 Nf5 28. Nb1 Rf8 29. Nc3 Kc6 30. a4 Kd7 31. Nxb5 Ng3 32. Nd6 f5 33. Nxb7 Ne4 34. b5 Raa8 35. c6+ Kc7 36. Nc5 Nxc5 37. dxc5 g4 38. Kb3 f4 39. exf4 gxh3 40. gxh3 Rxf4 41. Rxe6 Rf3+ 42. Kc2 Rg8 43. b6+ Kc8 44. Rae1 1-0

[Event "Asuncion CIT op"]
[Site "Asuncion"]
[Date "2023.08.13"]
[Round "3"]
[White "Gomez, Osmar"]
[Black "Gaite, Karen Nerina"]
[Result "0-1"]
[WhiteElo "1600"]
[BlackElo "1845"]
[PlyCount "62"]
[EventDate "2023.08.12"]
[EventType "swiss"]
[EventRounds "9"]
[EventCountry "PAR"]
[SourceTitle "CBM 215 Extra"]
[Source "ChessBase"]
[SourceDate "2023.09.30"]
[SourceVersion "1"]
[SourceVersionDate "2023.09.30"]
[SourceQuality "1"]

1. e4 e5 2. Nc3 Nc6 3. Bc4 Nf6 4. d3 Bc5 5. Nge2 Ng4 6. d4 exd4 7. Na4 Bb4+ 8. c3 dxc3 9. bxc3 Bd6 10. f4 a6 11. 0-0 b5 12. Bxf7+ Kxf7 13. Qd5+ Kf8 14. Qf5+ Qf6 15. Qxg4 bxa4 16. e5 Bc5+ 17. Nd4 Qg6 18. Qf3 Nxd4 19. cxd4 Bxd4+ 20. Kh1 Rb8 21. Ba3+ Ke8 22. f5 Qc6 23. Qh5+ g6 24. fxg6 Qxg6 25. Qf3 c5 26. e6 Bb7 27. exd7+ Kd8 28. Qe2 Rg8 29. Rg1 Bxg2+ 30. Rxg2 Qxg2+ 31. Qxg2 Rxg2 0-1

[Event "Asuncion Fernando Memorial"]
[Site "Asuncion"]
[Date "2021.08.28"]
[Round "4"]
[White "Mereles, Junior"]
[Black "Gomez, Osmar"]
[Result "1-0"]
[WhiteElo "1765"]
[BlackElo "1581"]
[PlyCount "79"]
[EventDate "2021.08.27"]
[EventType "swiss"]
[EventRounds "7"]
[EventCountry "PAR"]
[SourceTitle "EXT 2022"]
[Source "ChessBase"]
[SourceDate "2021.10.06"]
[SourceVersion "1"]
[SourceVersionDate "2021.10.06"]
[SourceQuality "1"]

1. d4 Nf6 2. c4 e6 3. Nc3 Bb4 4. Bd2 b6 5. a3 Bxc3 6. Bxc3 Bb7 7. Nf3 0-0 8. e3 Ne4 9. Bd3 f5 10. Qb3 a5 11. h4 d5 12. cxd5 exd5 13. h5 Nd7 14. h6 g5 15. Bxe4 fxe4 16. Nh2 Qf6 17. f3 Qf5 18. Qc2 Nf6 19. b4 Ba6 20. bxa5 Bd3 21. Qf2 Qe6 22. Qg3 exf3 23. Qxg5+ Bg6 24. gxf3 Rae8 25. Bd2 c5 26. dxc5 bxc5 27. 0-0 Kf7 28. Ng4 Rg8 29. Qxf6+ Qxf6 30. Nxf6 Kxf6 31. Rf2 Bf5+ 32. Rg2 Rxg2+ 33. Kxg2 Rb8 34. Kg3 Kg6 35. Rc1 c4 36. a4 Rb2 37. Bc3 Ra2 38. Ra1 Rc2 39. a6 Bc8 40. a7 1-0

[Event "Villarrica op 1st"]
[Site "Villarrica"]
[Date "2021.02.27"]
[Round "2"]
[White "Pereira, Fabian"]
[Black "Gomez, Osmar"]
[Result "1-0"]
[WhiteElo "2088"]
[BlackElo "1597"]
[PlyCount "73"]
[EventDate "2021.02.27"]
[EventType "swiss"]
[EventRounds "7"]
[EventCountry "PAR"]
[SourceTitle "EXT 2022"]
[Source "ChessBase"]
[SourceDate "2021.10.06"]
[SourceVersion "1"]
[SourceVersionDate "2021.10.06"]
[SourceQuality "1"]

1. e4 d5 2. exd5 Nf6 3. c4 c6 4. dxc6 Nxc6 5. Be2 e5 6. d3 Bc5 7. Nf3 0-0 8. 0-0 h6 9. h3 Bf5 10. Nc3 Qe7 11. a3 Rad8 12. b4 Bb6 13. c5 Bc7 14. Qb3 Bxd3 15. Nd5 Nxd5 16. Bxd3 Nf6 17. Re1 Qd7 18. Bc2 Rfe8 19. Bb2 Nd4 20. Nxd4 exd4 21. Qd3 Rxe1+ 22. Rxe1 b6 23. Rd1 bxc5 24. bxc5 Be5 25. Qc4 Qd5 26. Qxd5 Rxd5 27. c6 Rc5 28. Ba4 Rc4 29. Bb5 Rc5 30. Bxd4 Bxd4 31. Rxd4 Nd5 32. Bd3 g6 33. Be4 Nc3 34. Bf3 Nb5 35. Rd7 Kf8 36. a4 Nc3 37. c7 1-0

[Event "PAR-ch sf"]
[Site "Asuncion"]
[Date "2018.08.14"]
[Round "6"]
[White "Gomez, Osmar"]
[Black "Recalde, Ariel"]
[Result "0-1"]
[WhiteElo "1626"]
[BlackElo "1867"]
[PlyCount "79"]
[EventDate "2018.08.10"]
[EventType "swiss"]
[EventRounds "9"]
[EventCountry "PAR"]
[SourceTitle "CBM 186 Extra"]
[Source "ChessBase"]
[SourceDate "2018.08.24"]
[SourceVersion "1"]
[SourceVersionDate "2018.08.24"]
[SourceQuality "1"]

1. e4 Nf6 2. Nc3 d5 3. exd5 Nxd5 4. Qf3 Nf6 5. Bc4 Nc6 6. d3 Bg4 7. Qg3 e6 8. f3 Bf5 9. Nb5 Rc8 10. Bg5 Be7 11. Qf2 b6 12. 0-0-0 Ng4 13. fxg4 Bxg5+ 14. Kb1 Bxg4 15. Rf1 0-0 16. h3 Bf5 17. g4 a6 18. gxf5 axb5 19. Bb3 exf5 20. Qxf5 Bf6 21. Nf3 Nd4 22. Nxd4 Qxd4 23. c3 Qd6 24. Rhg1 Kh8 25. d4 Be7 26. Bc2 g6 27. Qxb5 c5 28. dxc5 Rxc5 29. Qe2 Re5 30. Qf3 f5 31. Rd1 Qc5 32. Qg3 Re3 33. Qg2 Bf6 34. Bb3 Rc8 35. Rd5 Qe7 36. Rgd1 Re2 37. Rd8+ Rxd8 38. Rxd8+ Kg7 39. Qd5 Re1+ 40. Bd1 0-1

[Event "PAR-ch sf"]
[Site "Asuncion"]
[Date "2018.08.10"]
[Round "1"]
[White "Gomez, Osmar"]
[Black "Benitez Galeano, Alejandro"]
[Result "0-1"]
[WhiteElo "1626"]
[BlackElo "2159"]
[PlyCount "78"]
[EventDate "2018.08.10"]
[EventType "swiss"]
[EventRounds "9"]
[EventCountry "PAR"]
[SourceTitle "CBM 186 Extra"]
[Source "ChessBase"]
[SourceDate "2018.08.24"]
[SourceVersion "1"]
[SourceVersionDate "2018.08.24"]
[SourceQuality "1"]

1. e4 c5 2. Nf3 d6 3. Bc4 Nf6 4. Nc3 Nc6 5. h3 g6 6. 0-0 Bg7 7. d3 0-0 8. Be3 a6 9. a3 b5 10. Ba2 Rb8 11. Nd5 Nd7 12. c3 e6 13. Nf4 Qe7 14. d4 Nb6 15. Qd2 Nc4 16. Bxc4 bxc4 17. dxc5 dxc5 18. Qe2 Na5 19. Rab1 Bd7 20. Nd2 Rfc8 21. Rfd1 Ba4 22. Rdc1 Bb5 23. Qg4 Rc7 24. Nf3 Bc6 25. Ne2 Rcb7 26. Rc2 h5 27. Qg5 Bxe4 28. Qxe7 Rxe7 29. Rbc1 Nb3 30. Rd2 Nxd2 31. Nxd2 Bd3 32. Nf4 Rxb2 33. Nxd3 cxd3 34. Bg5 f6 35. Be3 Rc2 36. Rb1 Rxc3 37. Rb6 c4 38. Bc5 Rc1+ 39. Kh2 c3 0-1

[Event "PAR-ch qual2"]
[Site "Asuncion"]
[Date "2018.05.01"]
[Round "7"]
[White "Godoy Baez, Hugo"]
[Black "Gomez, Osmar"]
[Result "1-0"]
[WhiteElo "1386"]
[BlackElo "1666"]
[PlyCount "109"]
[EventDate "2018.04.29"]
[EventType "swiss"]
[EventRounds "7"]
[EventCountry "PAR"]
[SourceTitle "EXT 2019"]
[Source "ChessBase"]
[SourceDate "2018.10.10"]
[SourceVersion "1"]
[SourceVersionDate "2018.10.10"]
[SourceQuality "1"]

1. e4 d5 2. exd5 Nf6 3. d4 Nxd5 4. Nf3 Bg4 5. Be2 e6 6. h3 Bh5 7. 0-0 Bd6 8. Bg5 f6 9. Be3 Nxe3 10. fxe3 Nc6 11. c4 0-0 12. Nc3 Qe8 13. Ne4 Be7 14. Ng3 Bg6 15. Nh4 Bd6 16. Qe1 Bf7 17. c5 Be7 18. Ne4 f5 19. Nd2 Nb4 20. Qg3 Nc2 21. Nc4 Nxa1 22. Rxa1 Bh5 23. Bxh5 Qxh5 24. Nf3 c6 25. Qc7 Qe8 26. Qxb7 g5 27. Nfe5 Bf6 28. Nd6 Qb8 29. Qxb8 Raxb8 30. Nd7 Rxb2 31. Nxf8 Kxf8 32. Kf1 Ke7 33. Nc4 Rb4 34. Rc1 h5 35. Ke2 Kd7 36. Kd3 Kc7 37. Rc2 Rb1 38. Rb2 Rxb2 39. Nxb2 e5 40. Nc4 exd4 41. exd4 Kd7 42. Ne3 Ke6 43. a4 f4 44. Nd1 Kd5 45. Nc3+ Ke6 46. Ke4 Bd8 47. Nb1 Ba5 48. Na3 Be1 49. Nc4 Bc3 50. Ne5 Bd2 51. Nxc6 a5 52. Ne5 Bc3 53. d5+ Kf6 54. Nc4 Kg6 55. c6 1-0

[Event "PAR-ch qual2"]
[Site "Asuncion"]
[Date "2018.05.01"]
[Round "5"]
[White "Nunez, Pablo"]
[Black "Gomez, Osmar"]
[Result "0-1"]
[WhiteElo "1291"]
[BlackElo "1666"]
[PlyCount "54"]
[EventDate "2018.04.29"]
[EventType "swiss"]
[EventRounds "7"]
[EventCountry "PAR"]
[SourceTitle "EXT 2019"]
[Source "ChessBase"]
[SourceDate "2018.10.10"]
[SourceVersion "1"]
[SourceVersionDate "2018.10.10"]
[SourceQuality "1"]

1. Nf3 Nf6 2. d3 e6 3. g3 Bc5 4. Bg2 Nc6 5. Nbd2 Bxf2+ 6. Kf1 Bb6 7. Nc4 d6 8. Nxb6 axb6 9. e4 e5 10. h3 Be6 11. c4 h6 12. Kf2 Qd7 13. a3 Nh7 14. Be3 f5 15. Qe2 fxe4 16. dxe4 0-0 17. Rad1 Qe7 18. Rhf1 Ng5 19. Bxg5 Qxg5 20. Qd3 Rf7 21. g4 Nd4 22. Kg3 Qf4+ 23. Kf2 Nxf3 24. Bxf3 Qh2+ 25. Ke1 Qxb2 26. Rf2 Qxa3 27. Qf1 Qc3+ 0-1

[Event "PAR-ch qual2"]
[Site "Asuncion"]
[Date "2018.04.29"]
[Round "2"]
[White "Pereira, Sergio1"]
[Black "Gomez, Osmar"]
[Result "1-0"]
[WhiteElo "1969"]
[BlackElo "1666"]
[PlyCount "131"]
[EventDate "2018.04.29"]
[EventType "swiss"]
[EventRounds "7"]
[EventCountry "PAR"]
[SourceTitle "EXT 2019"]
[Source "ChessBase"]
[SourceDate "2018.10.10"]
[SourceVersion "1"]
[SourceVersionDate "2018.10.10"]
[SourceQuality "1"]

1. Nf3 Nf6 2. d4 e6 3. c4 d5 4. g3 Be7 5. Bg2 0-0 6. 0-0 c6 7. Qc2 Ne4 8. Nc3 f5 9. Rd1 Nd7 10. Rb1 Nb6 11. c5 Nd7 12. b4 Ndf6 13. Ne5 Nd7 14. Nd3 Bf6 15. Be3 e5 16. dxe5 Nxe5 17. Nxe5 Bxe5 18. Nxe4 fxe4 19. Bxe4 Qf6 20. Bxh7+ Kh8 21. f4 Bc7 22. Bd3 Bh3 23. b5 d4 24. Bf2 g5 25. Be4 gxf4 26. Bxd4 Be5 27. Bxe5 Qxe5 28. Qb2 Qxb2 29. Rxb2 fxg3 30. hxg3 Rf6 31. bxc6 bxc6 32. Rb7 Bg4 33. Rd6 Raf8 34. Rxf6 Rxf6 35. Bd3 Re6 36. Kf2 Re5 37. Rxa7 Rxc5 38. Ke3 Be6 39. a4 Rg5 40. Kf4 Rg4+ 41. Kf3 Rb4 42. a5 Bd5+ 43. Ke3 Rg4 44. Kf2 c5 45. Rd7 Be6 46. Re7 Bc4 47. a6 Bxa6 48. Bxa6 c4 49. Kf3 Rg6 50. Bxc4 Rxg3+ 51. Kf2 Rf3+ 52. Ke1 Rf1+ 53. Kd2 Rd1+ 54. Ke3 Rd7 55. Re8+ Kg7 56. Re6 Rc7 57. Bd3 Kf7 58. Rh6 Rc5 59. Kd4 Rg5 60. e4 Ke7 61. Bc4 Rg1 62. Bd5 Kd7 63. Rh7+ Ke8 64. Ke5 Kd8 65. Kd6 Rg6+ 66. Be6 1-0

[Event "Asuncion Bobby Fischer U2000"]
[Site "Asuncion"]
[Date "2018.02.18"]
[Round "6.3"]
[White "Avalos Arguello, Jose Mathias"]
[Black "Gomez, Osmar"]
[Result "0-1"]
[WhiteElo "1730"]
[BlackElo "1652"]
[PlyCount "98"]
[EventDate "2018.02.15"]
[EventType "swiss"]
[EventRounds "7"]
[EventCountry "PAR"]
[SourceTitle "EXT 2023"]
[Source "ChessBase"]
[SourceDate "2022.10.05"]
[SourceVersion "1"]
[SourceVersionDate "2022.10.05"]
[SourceQuality "1"]

1. d4 d5 2. c4 e5 3. dxe5 d4 4. Nf3 Nc6 5. a3 Bg4 6. Bf4 Bxf3 7. exf3 g5 8. Bg3 Bg7 9. Bd3 Qe7 10. 0-0 h5 11. h3 0-0-0 12. Re1 Nh6 13. Nd2 Rdg8 14. f4 h4 15. Bh2 gxf4 16. Bxf4 Bxe5 17. Nf3 f6 18. Nxh4 Qg7 19. Qf3 Bxf4 20. Qxf4 Ne5 21. Be4 Kb8 22. Nf5 Nxf5 23. Qxf5 Nxc4 24. Qd5 Nd6 25. Bf3 Rxh3 26. Re7 Rgh8 27. Bh5 Qxe7 28. gxh3 c6 29. Qf3 Rg8+ 30. Kh1 Rg5 31. Rg1 Rxg1+ 32. Kxg1 Qg7+ 33. Kh1 Qg5 34. Qg3 Kc7 35. Qxg5 fxg5 36. Be2 Ne4 37. Kg2 Kd6 38. Bd3 Ke5 39. Kf3 Nf6 40. Bc4 b5 41. Bd3 Kd5 42. Kg3 a6 43. f4 Nh5+ 44. Kg4 Nxf4 45. Bf5 d3 46. Kxg5 d2 47. Bc2 Nxh3+ 48. Kg4 Nf2+ 49. Kf3 d1Q+ 0-1

[Event "Asuncion Bobby Fischer U2000"]
[Site "Asuncion"]
[Date "2018.02.18"]
[Round "7.1"]
[White "Recalde, Ariel"]
[Black "Gomez, Osmar"]
[Result "1-0"]
[WhiteElo "1920"]
[BlackElo "1652"]
[PlyCount "79"]
[EventDate "2018.02.15"]
[EventType "swiss"]
[EventRounds "7"]
[EventCountry "PAR"]
[SourceTitle "EXT 2023"]
[Source "ChessBase"]
[SourceDate "2022.10.05"]
[SourceVersion "1"]
[SourceVersionDate "2022.10.05"]
[SourceQuality "1"]

1. Nf3 Nf6 2. c4 e6 3. Nc3 d5 4. d4 Be7 5. Bg5 c6 6. e3 Nbd7 7. Rc1 0-0 8. Bd3 dxc4 9. Bxc4 Nd5 10. Bxe7 Qxe7 11. 0-0 Nxc3 12. Rxc3 e5 13. d5 cxd5 14. Qxd5 h6 15. Bb3 e4 16. Nd4 Nf6 17. Qc5 Qd7 18. Rfc1 Qg4 19. Qc7 Qg6 20. Qg3 Qxg3 21. hxg3 Bd7 22. Rc7 Rab8 23. Kf1 a6 24. R1c5 Rfc8 25. Ke2 Kf8 26. f3 exf3+ 27. gxf3 Rxc7 28. Rxc7 Ke8 29. g4 b5 30. Nf5 Bxf5 31. gxf5 Nd7 32. Bxf7+ Kxf7 33. Rxd7+ Kf6 34. e4 Rb6 35. Ke3 g6 36. Rh7 Kg5 37. Rg7 Rb8 38. Rxg6+ Kh5 39. Kf4 a5 40. Rg1 1-0

[Event "Asuncion Bobby Fischer U2000"]
[Site "Asuncion"]
[Date "2018.02.17"]
[Round "4.8"]
[White "Carreras Colman, Luz Gabriela"]
[Black "Gomez, Osmar"]
[Result "0-1"]
[WhiteElo "1436"]
[BlackElo "1652"]
[PlyCount "110"]
[EventDate "2018.02.15"]
[EventType "swiss"]
[EventRounds "7"]
[EventCountry "PAR"]
[SourceTitle "EXT 2023"]
[Source "ChessBase"]
[SourceDate "2022.10.05"]
[SourceVersion "1"]
[SourceVersionDate "2022.10.05"]
[SourceQuality "1"]

1. d4 Nf6 2. Nf3 e6 3. Bf4 c5 4. e3 Qb6 5. b3 Nc6 6. c4 cxd4 7. exd4 Bb4+ 8. Nbd2 Nxd4 9. Nxd4 Qxd4 10. Be3 Bxd2+ 11. Bxd2 Ne4 12. Be3 Qc3+ 13. Ke2 Qf6 14. Qd4 Qxd4 15. Bxd4 0-0 16. Kd1 e5 17. Be3 d5 18. cxd5 Nc3+ 19. Kc2 Nxd5 20. Bd2 Bf5+ 21. Kb2 Rfd8 22. Rc1 Nf4 23. Be3 a6 24. g3 Be4 25. Rg1 Nd5 26. Bd2 Rac8 27. Rxc8 Rxc8 28. Bc4 Nb6 29. Rc1 Nxc4+ 30. Rxc4 Rxc4 31. bxc4 f6 32. Kb3 Kf7 33. Be3 g5 34. f4 exf4 35. gxf4 gxf4 36. Bxf4 Ke6 37. Kc3 Kf5 38. Bg3 Kg4 39. Kd4 Kf3 40. Bd6 f5 41. Be7 Bb1 42. a4 f4 43. Bd6 h5 44. c5 Be4 45. Kc3 Ke3 46. Be5 f3 47. Bg3 f2 48. Bxf2+ Kxf2 49. Kd4 Bc6 50. a5 h4 51. Kd3 Kg2 52. Ke2 Kxh2 53. Kf2 h3 54. Kf1 Kg3 55. Kg1 h2+ 0-1

[Event "Asuncion Clasificatorio op 6th"]
[Site "Asuncion"]
[Date "2016.10.03"]
[Round "6.3"]
[White "Heinechen, Juan"]
[Black "Gomez, Osmar"]
[Result "1-0"]
[WhiteElo "2111"]
[BlackElo "1568"]
[PlyCount "51"]
[EventDate "2016.09.30"]
[EventType "swiss"]
[EventRounds "7"]
[EventCountry "PAR"]
[SourceTitle "EXT 2023"]
[Source "ChessBase"]
[SourceDate "2022.10.05"]
[SourceVersion "1"]
[SourceVersionDate "2022.10.05"]
[SourceQuality "1"]

1. e4 c5 2. Nf3 d6 3. d4 cxd4 4. Nxd4 Nf6 5. Nc3 a6 6. h3 e5 7. Nb3 Be6 8. Be3 Be7 9. Qf3 Nbd7 10. 0-0-0 Qc7 11. g4 Nc5 12. Nxc5 dxc5 13. g5 Nd7 14. Nd5 Bxd5 15. exd5 0-0 16. d6 e4 17. Qg3 Bxd6 18. Qxd6 Qa5 19. Kb1 Rfd8 20. Bc4 b5 21. Bxf7+ Kxf7 22. Qd5+ Kf8 23. Qf5+ Ke7 24. Qxe4+ Kf8 25. Qf5+ Ke7 26. Rhe1 1-0

[Event "Asuncion Semana Santa op"]
[Site "Asuncion"]
[Date "2016.03.24"]
[Round "2"]
[White "Gomez, Osmar"]
[Black "Cantero, Rodolfo"]
[Result "0-1"]
[WhiteElo "1568"]
[BlackElo "1856"]
[PlyCount "86"]
[EventDate "2016.03.24"]
[EventType "swiss"]
[EventRounds "7"]
[EventCountry "PAR"]
[SourceTitle "EXT 2017"]
[Source "ChessBase"]
[SourceDate "2016.10.25"]
[SourceVersion "1"]
[SourceVersionDate "2016.10.25"]
[SourceQuality "1"]

1. Nf3 Nf6 2. g3 b6 3. Bg2 Bb7 4. c4 e6 5. 0-0 Be7 6. Nc3 0-0 7. d3 d5 8. cxd5 exd5 9. d4 Nbd7 10. a3 c5 11. e3 Qc7 12. Bd2 Qc6 13. Rc1 c4 14. Re1 b5 15. Ne2 a5 16. Ne5 Qb6 17. Nf4 Rfd8 18. Bh3 Nxe5 19. dxe5 Ne4 20. Ne2 Nc5 21. Bf5 g6 22. Bc2 b4 23. axb4 axb4 24. h4 Ra2 25. Rb1 b3 26. Bc3 bxc2 27. Qxc2 Nd3 28. Red1 Bc5 29. Nd4 Nxe5 30. Qe2 Bc8 31. Nf3 Nd3 32. Nd4 Bb4 33. Bxb4 Nxb4 34. Rdc1 Nc6 35. Nxc6 Qxc6 36. g4 Qf6 37. g5 Qf5 38. f3 Qh3 39. Qf2 Bf5 40. Ra1 Rda8 41. Rxa2 Rxa2 42. Rd1 c3 43. e4 Rxb2 0-1

[Event "Asuncion Mayor Clasif op"]
[Site "Asuncion"]
[Date "2016.02.26"]
[Round "1"]
[White "Gomez, Osmar"]
[Black "Diaz, Fernando"]
[Result "0-1"]
[WhiteElo "1568"]
[BlackElo "2007"]
[PlyCount "84"]
[EventDate "2016.02.26"]
[EventType "swiss"]
[EventRounds "7"]
[EventCountry "PAR"]
[SourceTitle "CBM 171 Extra"]
[Source "ChessBase"]
[SourceDate "2016.04.26"]
[SourceVersion "1"]
[SourceVersionDate "2016.04.26"]
[SourceQuality "1"]

1. e4 e6 2. d4 d5 3. exd5 exd5 4. Bd3 Bd6 5. Nf3 Ne7 6. Bg5 0-0 7. Nbd2 f6 8. Bh4 Bf5 9. Qe2 Bxd3 10. Qxd3 Ng6 11. Bg3 Re8+ 12. Kf1 Qd7 13. Bxd6 Qxd6 14. g3 c5 15. dxc5 Qxc5 16. Kg2 Nd7 17. Nb3 Qc4 18. Rad1 Nb6 19. Qxc4 Nxc4 20. Rb1 Re2 21. Nbd4 Re4 22. Rhd1 Nge5 23. b3 Nb6 24. Re1 Nxf3 25. Nxf3 Rc8 26. Rxe4 dxe4 27. Ne1 Rd8 28. Kf1 Rd2 29. Rc1 Kf7 30. Ng2 Nd5 31. Ke1 Rd4 32. c3 Rd3 33. c4 Nb4 34. a3 Nc6 35. Rb1 Nd4 36. b4 Rxa3 37. Ne3 Nf3+ 38. Kd1 Ke6 39. h4 Ra2 40. b5 Rd2+ 41. Kc1 Rxf2 42. Ra1 Re2 0-1

[Event "Asuncion op"]
[Site "Asuncion"]
[Date "2015.10.09"]
[Round "2"]
[White "Gomez, Osmar"]
[Black "Benitez Galeano, Alejandro"]
[Result "0-1"]
[WhiteElo "1583"]
[BlackElo "1786"]
[PlyCount "50"]
[EventDate "2015.10.08"]
[EventType "swiss"]
[EventRounds "9"]
[EventCountry "PAR"]
[SourceTitle "CBM 168 Extra"]
[Source "ChessBase"]
[SourceDate "2015.10.29"]
[SourceVersion "1"]
[SourceVersionDate "2015.10.29"]
[SourceQuality "1"]

1. e4 e5 2. Nf3 Nc6 3. Bb5 a6 4. Ba4 Nf6 5. 0-0 b5 6. Bb3 Bc5 7. d3 d6 8. Nc3 h6 9. Be3 Bg4 10. a3 Qd7 11. Ne2 Bxf3 12. gxf3 Qh3 13. Ng3 g6 14. Kh1 h5 15. Rg1 h4 16. Nf1 Nd4 17. Nd2 Nh5 18. Qf1 Qd7 19. a4 Rb8 20. axb5 axb5 21. c3 Nxb3 22. Nxb3 Bxe3 23. fxe3 Ng3+ 24. Rxg3 hxg3 25. Kg2 Qh3+ 0-1

[Event "Asuncion Clasificatorio op 4th"]
[Site "Asuncion"]
[Date "2015.08.16"]
[Round "5.12"]
[White "Gomez, Osmar"]
[Black "Flores, Rodney"]
[Result "1-0"]
[WhiteElo "1563"]
[BlackElo "1835"]
[PlyCount "60"]
[EventDate "2015.08.14"]
[EventType "swiss"]
[EventRounds "7"]
[EventCountry "PAR"]
[SourceTitle "EXT 2023"]
[Source "ChessBase"]
[SourceDate "2022.10.05"]
[SourceVersion "1"]
[SourceVersionDate "2022.10.05"]
[SourceQuality "1"]

1. e4 c6 2. d4 d5 3. exd5 cxd5 4. Bd3 Nc6 5. c3 Nf6 6. Bf4 Bg4 7. Qb3 Qd7 8. Nd2 e6 9. Ngf3 Be7 10. 0-0 0-0 11. Rae1 Bxf3 12. Nxf3 Rae8 13. Qc2 a6 14. Ne5 Qc8 15. Re3 Nxe5 16. dxe5 Nh5 17. Bxh7+ Kh8 18. Bg3 Bc5 19. Rf3 Qc7 20. Bd3 Nxg3 21. Rxg3 f5 22. exf6 Rxf6 23. Rh3+ Kg8 24. Be2 g6 25. Rg3 Qf7 26. Rf3 Rf8 27. Rd1 Bxf2+ 28. Kxf2 Rxf3+ 29. gxf3 g5 30. Kg1 b5 1-0

[Event "Asuncion Mayor op 2nd"]
[Site "Asuncion"]
[Date "2015.06.12"]
[Round "3"]
[White "Gomez, Osmar"]
[Black "Ogdon, Ricardo"]
[Result "1-0"]
[WhiteElo "1549"]
[BlackElo "1686"]
[PlyCount "69"]
[EventDate "2015.06.12"]
[EventType "swiss"]
[EventRounds "7"]
[EventCountry "PAR"]
[SourceTitle "EXT 2017"]
[Source "ChessBase"]
[SourceDate "2016.10.25"]
[SourceVersion "1"]
[SourceVersionDate "2016.10.25"]
[SourceQuality "1"]

1. e4 e5 2. Nf3 Nc6 3. Bb5 Nf6 4. 0-0 Be7 5. Re1 0-0 6. c3 d6 7. h3 Bd7 8. Bd3 h6 9. Bc2 Re8 10. d4 exd4 11. cxd4 Nb4 12. Bb3 a5 13. a3 a4 14. Bxf7+ Kxf7 15. axb4 Kf8 16. Nc3 b5 17. e5 dxe5 18. dxe5 Nh7 19. Qd3 Kg8 20. Qd5+ Kh8 21. e6 Nf6 22. exd7 Nxd5 23. dxe8Q+ Qxe8 24. Nxd5 Qf7 25. Nxe7 Qb3 26. Nc6 Rf8 27. Ra3 Qc2 28. Rc3 Qg6 29. Bd2 Kh7 30. Nce5 Qd6 31. Rce3 Qd5 32. Bc3 Qa2 33. Nd3 a3 34. Re7 axb2 35. Rxg7+ 1-0